000
00259nam a2200121Ia 4500
100
_a
Altland/ George
942
_c
BK
654
_a
Practical Hudraulics
245
_a
Practical Hydraulics
260
_b
Vickers Div.
_a
USA
300
_a
35
546
_a
ENGLISH
999
_c
30273
_d
30273